| 000 | 00660nam a22001817a 4500 | ||
|---|---|---|---|
| 005 | 20120201153613.0 | ||
| 008 | 120201t xxu||||| |||| 00| 0 eng d | ||
| 020 |
_a8170491193 _c00.00 |
||
| 035 | _aB-24804 | ||
| 040 |
_aDPL _bENG |
||
| 100 |
_aVittal, N. _940549 |
||
| 245 |
_aInformation technology : India's tommorow / _cby N. Vittal and S. Mahalingam |
||
| 260 |
_aNew Delhi _bManas Publications _c2001 |
||
| 300 |
_a416p. _c20 cms. |
||
| 700 |
_aMahalingam, S. _940550 |
||
| 942 |
_2ddc _cEN _h003.5 _mVIT |
||
| 999 |
_c61767 _d61767 |
||